Statistics for PDC World Matchplay Darts 2023

Click here to take the quiz!

General Stats

  • This quiz has been taken 38 times
  • The average score is 22 of 32

Answer Stats

NationalitySpieler% Correct
WalesGerwyn Price
94%
NetherlandsMichael van Gerwen
94%
ScotlandPeter Wright
91%
EnglandMichael Smith
88%
EnglandRoss Smith
88%
AustraliaDamon Heta
82%
BelgiumDimitri Van den Bergh
82%
WalesJonny Clayton
82%
Northern IrelandDaryl Gurney
79%
EnglandNathan Aspinall
79%
EnglandRob Cross
79%
Northern IrelandBrendan Dolan
73%
NetherlandsDanny Noppert
73%
ScotlandGary Anderson
73%
Northern IrelandJosh Rock
73%
GermanyMartin Schindler
73%
NetherlandsDirk van Duijvenbode
70%
PortugalJosé de Sousa
70%
PolandKrzysztof Ratajski
70%
EnglandLuke Humphries
67%
GermanyGabriel Clemens
64%
EnglandJames Wade
64%
BelgiumKim Huybrechts
64%
EnglandDave Chisnall
61%
EnglandJoe Cullen
61%
NetherlandsRaymond van Barneveld
58%
EnglandChris Dobey
52%
EnglandStephen Bunting
45%
BelgiumMike De Decker
42%
EnglandRyan Searle
33%
EnglandAndrew Gilding
27%
EnglandSteve Beaton
27%

Score Distribution

Percentile by Number Answered

Percent of People with Each Score

Your Score History

You have not taken this quiz